| 000 | 00876cab a2200253 4500 | ||
|---|---|---|---|
| 001 | X97013 | ||
| 008 | 090401t1999 xxu||||| |||| 00| 0 eng d | ||
| 035 | _a(Sirsi) u91676 | ||
| 041 | _aeng | ||
| 245 | _aSafeway Stores v Secretary of State, Carter Commercial Developments Limited and Stockton upon Tees Borough Council | ||
| 260 | _c1999 | ||
| 350 | _a0 | ||
| 490 |
_aNew Property Cases _v[1999] NPC 148, (3) |
||
| 520 | _aQB 19 February 1999. Another town centre PPG 6 review with much the same response as "R v Hambleton DC". (Taken from Journal headnote). NOT TO BE PHOTOCOPIED | ||
| 650 | _aDEVELOPMENT PLANS | ||
| 650 | _aPLANNING POLICY GUIDANCE NOTE SIX | ||
| 650 | _aR V HAMBLETON DC | ||
| 650 | _aSAFEWAY STORES PLC | ||
| 650 | _aTOWN CENTRES | ||
| 650 | _aTOWN PLANNING | ||
| 690 | _aPLANNING LAW AND PRACTICE | ||
| 942 | _n0 | ||
| 948 | _c02/03/1999 | ||
| 999 |
_c58198 _d58198 |
||